00679nam a22001937a 450000500170000001000150001702000260003203500140005803700130007208200110008510000210009624501100011726000420022727001090026930000350037850000190041370000290043270000240046120191010155249.0 aENG-126640 a9789353163549c895.00 aEN-110172 bDBAD/PUB a658.15 aRoss, Stephen A. aFundamentals of corporate finance /cby Stephen A. Ross, Randolph W. Westerfield [and] Bradford D. Jordan aChennaibMc Graw Hill Educationc2016 a444/1, Ekambara Naicker Industrial EstatebAlapakkam, Porur, Chennaie600116minfo.india@mheducation.com axlv;various paging.c25cm(pbk) aIncludes index aWesterfield, Randolph W. aJordan, Bradford D.